000
00234nam a2200109Ia 4500
999
_c
7157
_d
7157
020
_a
978-0132664233 Books
100
_a
Fred R. David
245
0
_a
Strategic Management
260
_a
USA
_b
Macmillan
_c
1998
300
_a
692
942
_c
BK